Proclama sul fascino /

Đã lưu trong:
Chi tiết về thư mục
Tác giả chính: Bellezza, Dario (Tác giả)
Định dạng: Sách
Ngôn ngữ:Tiếng Italy
Được phát hành: Milano : A. Mondadori, 1996
Loạt:Il nuovo specchio
Các nhãn: Thêm thẻ
Không có thẻ, Là người đầu tiên thẻ bản ghi này!

MARC

LEADER 00000nam a22000007i 4500
001 IT\ICCU\LO1\0400408
003 ItRI
005 20250420174553.0
008 960515s1996 it |||||| ||||| |||||c
015 |2 IT  |a 96-7826 
020 |a 880441751X 
040 |b ita  |c Arcigay Queer VdA 
041 7 |a ita  |2 ISO-639-2 
082 |a 851.914  |2 20 
100 1 |a Bellezza, Dario  |0 IT\ICCU\CFIV\004133  |4 aut 
245 1 0 |a Proclama sul fascino /  |c Dario Bellezza. 
260 |a Milano :  |b A. Mondadori,  |c 1996 
300 |a 59 p. ;  |c 22 cm 
830 3 |a Il nuovo specchio  |0 IT\ICCU\CFI\0169298 
942 |2 ddc  |c BK 
952 |0 0  |1 0  |2 ddc  |4 0  |6 851_914000000000000_BEL_PRO  |7 1  |9 3944  |a AO  |b AO  |d 2025-04-20  |l 0  |o 851.914 BEL PRO  |p 11154  |r 2025-04-20 17:46:08  |w 2025-04-20  |x Di proprietà di Giulio Gasperini  |y BK 
981 1 |6 z01  |a i   |b xxxe  
982 1 |6 z01  |a n 
999 |c 3069  |d 3069